Loading...
| History - Other | 0 | 7 | 0 | 1 | 70 | 16 | 94.43 | 1 | 2 | 0.00 | 0.00 |
| Religion | 0 | 6 | 0 | 0 | 60 | 78 | 117.33 | 1 | 2 | 0.00 | 0.00 |
| Science - Biology | 0 | 5 | 0 | 1 | 50 | 79 | 111.60 | 0 | 1 | 0.00 | 0.00 |
| History - American | 0 | 5 | 0 | 0 | 50 | 71 | 114.00 | 1 | 1 | 0.00 | 0.00 |
| Fine Arts - Painting and Sculpture | 0 | 5 | 0 | 0 | 50 | 84 | 114.20 | 0 | 1 | 0.00 | 0.00 |
| History - World | 0 | 5 | 1 | 2 | 45 | 13 | 109.00 | 1 | 1 | 0.00 | 0.00 |
| Fine Arts - Classical Music | 0 | 4 | 0 | 1 | 40 | 125 | 132.75 | 0 | 1 | 0.00 | 0.00 |
| Fine Arts - Other | 0 | 4 | 0 | 0 | 40 | 24 | 93.00 | 1 | 1 | 0.00 | 0.00 |
| History - European | 0 | 5 | 2 | 2 | 40 | 94 | 116.80 | 0 | 0 | 0.00 | 0.00 |
| Literature - British | 0 | 5 | 2 | 1 | 40 | 102 | 124.60 | 0 | 2 | 0.00 | 0.00 |
| Literature - European | 0 | 4 | 0 | 0 | 40 | 108 | 128.75 | 0 | 1 | 0.00 | 0.00 |
| Social Science | 0 | 5 | 2 | 1 | 40 | 97 | 111.40 | 0 | 1 | 0.00 | 0.00 |
| Philosophy | 0 | 4 | 1 | 1 | 35 | 57 | 109.50 | 1 | 2 | 0.00 | 0.00 |
| Mythology | 0 | 4 | 1 | 2 | 35 | 103 | 122.75 | 0 | 1 | 0.00 | 0.00 |
| Literature - World | 0 | 4 | 2 | 1 | 30 | 118 | 140.00 | 0 | 0 | 0.00 | 0.00 |
| Science - Chemistry | 0 | 3 | 0 | 0 | 30 | 105 | 113.33 | 0 | 0 | 0.00 | 0.00 |
| Other Academic | 0 | 3 | 1 | 0 | 25 | 82 | 115.67 | 0 | 1 | 0.00 | 0.00 |
| Pop Culture | 0 | 2 | 0 | 0 | 20 | 112 | 120.50 | 0 | 0 | 0.00 | 0.00 |
| Literature - American | 0 | 2 | 1 | 0 | 15 | 114 | 132.00 | 0 | 0 | 0.00 | 0.00 |
| Science - Physics | 0 | 1 | 1 | 0 | 5 | 129 | 129.00 | 0 | 0 | 0.00 | 0.00 |
| Science - Other | 0 | 0 | 0 | 0 | 0 | 0.00 | 0 | 0 | 0.00 | 0.00 | |
| Geography | 0 | 0 | 1 | 0 | -5 | 0.00 | 0 | 0 | 0.00 | 0.00 |